000 00573nam a22002051a 4500
001 1242
003 OSt
005 20260204211726.0
008 040117s2002||||dr ||||||b||||||||||spa||
020 _a9993488003
050 _aRD 341.582 P415r
082 _aRD341.582 P415r
100 _aPerez Taveras, Eladio Miguel
245 _aRégimen legal del embargo inmobiliario de derecho común y los incidentes / Eladio Miguel Pérez Taveras.
264 _aSanto Domingo : Checo
300 _a383 p.
500 _aIncluye indice.
650 _a1.EmbargoÌ
942 _2ddc
_cBK
999 _c1242
_d1242